[Event "Reykjavik Open 2024"]
[Site "Reykjavik ISL"]
[Date "2024.03.18"]
[Round "6.30"]
[White "Sachi Jain"]
[Black "Thorfinnsson, Bjorn"]
[Result "1/2-1/2"]
[WhiteTitle "WCM"]
[BlackTitle "IM"]
[WhiteElo "1992"]
[BlackElo "2353"]
[WhiteFideId "25974050"]
[BlackFideId "2300982"]
[EventDate "2024.03.15"]

1. e4 e5 2. Nf3 Nc6 3. Bc4 Nf6 4. d3 h6 5. O-O d6 6. c3 g6 7. Nbd2 Bg7 8. b4 O-O
9. a4 Kh7 10. Bb3 Bg4 11. b5 Ne7 12. h3 Bd7 13. d4 exd4 14. cxd4 a6 15. e5 Nfd5
16. Ba3 axb5 17. exd6 cxd6 18. Bxd6 bxa4 19. Bxe7 Nxe7 20. Bxa4 Nc6 21. Nb3 Be6
22. Bxc6 Rxa1 23. Qxa1 bxc6 24. Qc3 Bd5 25. Nbd2 Qd6 26. Rc1 Re8 27. Re1 Rxe1+
28. Nxe1 Qe6 29. Nef3 Qe2 30. Qe3 Qd1+ 31. Kh2 Qc2 32. Ne1 Qb2 33. Nef3 Qc1 34.
h4 Bf8 35. Qe5 Qa3 36. Ne4 Bxe4 37. Qxe4 Qd6+ 38. Kg1 Qd5 39. Qxd5 cxd5 40. Ne5
Kg7 41. Ng4 Be7 42. g3 Bf6 43. Ne3 1/2-1/2

[Event "Reykjavik Open 2024"]
[Site "Reykjavik ISL"]
[Date "2024.03.18"]
[Round "6.31"]
[White "Fanos, Haralambos"]
[Black "Cieslak, Patryk"]
[Result "1/2-1/2"]
[BlackTitle "FM"]
[WhiteElo "1872"]
[BlackElo "2325"]
[WhiteFideId "4249208"]
[BlackFideId "21078882"]
[EventDate "2024.03.15"]

1. c4 e5 2. Nc3 Nf6 3. Nf3 Nc6 4. e3 d5 5. cxd5 Nxd5 6. Bb5 Nxc3 7. dxc3 Qxd1+
8. Kxd1 e4 9. Nd4 Bd7 10. Nxc6 bxc6 11. Be2 Bd6 12. Kc2 Ke7 13. Bd2 h5 14. h4
Rh6 15. c4 Rg6 16. g3 Rh8 17. b4 Bg4 18. Bxg4 hxg4 19. Bc3 c5 20. b5 Rh5 21. a4
Rf5 22. Rhf1 Kf8 23. a5 Kg8 24. Kd2 Rh6 25. Ke2 Rf3 26. Rfd1 Rf5 27. Ra2 Re6 28.
Rad2 Re8 29. b6 axb6 30. axb6 Rb8 31. Rb2 Be5 32. Bxe5 Rxe5 33. b7 Re7 34. Ra1
Kf8 35. Ra8 Ree8 36. Ra5 c6 37. Rxc5 Re7 38. Rxc6 Rexb7 39. Rxb7 Rxb7 40. Rd6
Ke7 41. Rd4 f5 42. Kd1 Rb2 43. Rd2 Rb4 44. c5 Rb5 45. c6 Rc5 46. Rc2 Rxc2 47.
Kxc2 Kd6 48. Kc3 Kxc6 49. Kd4 1/2-1/2

[Event "Reykjavik Open 2024"]
[Site "Reykjavik ISL"]
[Date "2024.03.18"]
[Round "6.32"]
[White "Magnusdottir, Veronika Steinunn"]
[Black "Karsten, Jan"]
[Result "0-1"]
[BlackTitle "IM"]
[WhiteElo "1812"]
[BlackElo "2323"]
[WhiteFideId "2309114"]
[BlackFideId "14350653"]
[EventDate "2024.03.15"]

1. e4 e5 2. Nf3 Nc6 3. Bc4 Nf6 4. d3 h6 5. c3 d6 6. O-O g5 7. Re1 Bg7 8. Nbd2 g4
9. Nh4 Nxe4 10. dxe4 Qxh4 11. Nf1 h5 12. Ne3 Ne7 13. Bb5+ Kf8 14. c4 Be6 15. Nd5
Bxd5 16. cxd5 c6 17. dxc6 bxc6 18. Bc4 Qf6 19. Bd2 Bh6 20. Bb4 Rd8 21. Qa4 Rd7
22. Rad1 Kg7 23. Rd3 Qg6 24. Red1 Rhd8 25. Ba5 Rc8 26. Bb4 d5 27. exd5 Nxd5 28.
Bxd5 Rxd5 29. Rxd5 cxd5 30. Rxd5 Rc1+ 31. Rd1 Qb1 32. g3 Rxd1+ 0-1

[Event "Reykjavik Open 2024"]
[Site "Reykjavik ISL"]
[Date "2024.03.18"]
[Round "6.33"]
[White "Papadiamandis, Elliot"]
[Black "Hauksdottir, Hrund"]
[Result "1-0"]
[WhiteTitle "IM"]
[WhiteElo "2302"]
[BlackElo "1859"]
[WhiteFideId "36074160"]
[BlackFideId "2302608"]
[EventDate "2024.03.15"]

1. e4 e5 2. Nf3 Nc6 3. Bb5 a6 4. Ba4 Nf6 5. d3 b5 6. Bb3 Be7 7. a4 Rb8 8. axb5
axb5 9. Nc3 O-O 10. Nd5 d6 11. O-O Bg4 12. c3 h6 13. h3 Bc8 14. Nh2 Re8 15. Qf3
Be6 16. Ra6 Bxd5 17. Bxd5 Nxd5 18. exd5 e4 19. dxe4 Ne5 20. Qd1 Qc8 21. Ra7 Rb7
22. Rxb7 Qxb7 23. Ng4 Bf8 24. Bxh6 Nc4 25. b3 Ne5 26. Be3 c6 27. Qd4 c5 28. Qd1
b4 29. c4 Qd7 30. Nxe5 Rxe5 31. Qc2 Qe7 32. Bf4 Rh5 33. Re1 g6 34. Qd3 Bg7 35.
Re2 Rh4 36. Qg3 1-0

[Event "Reykjavik Open 2024"]
[Site "Reykjavik ISL"]
[Date "2024.03.18"]
[Round "6.34"]
[White "Klimkowski, Jan"]
[Black "Wong-Godfrey, Emerson P"]
[Result "1-0"]
[WhiteTitle "IM"]
[WhiteElo "2532"]
[BlackElo "1799"]
[WhiteFideId "21856222"]
[BlackFideId "30996309"]
[EventDate "2024.03.15"]

1. d4 Nf6 2. c4 c5 3. d5 b5 4. cxb5 a6 5. e3 g6 6. Nc3 Bg7 7. Nf3 O-O 8. a4 d6
9. e4 axb5 10. Bxb5 Ba6 11. Bd2 Bxb5 12. axb5 Rxa1 13. Qxa1 Qb6 14. O-O Ne8 15.
Bg5 f6 16. Be3 Nc7 17. b4 Nd7 18. bxc5 Nxc5 19. Qa2 Nxb5 20. Nxb5 Qxb5 21. Rb1
Qa4 22. Qxa4 Nxa4 23. Rb7 Re8 24. Rc7 e5 25. g4 Rb8 26. Nd2 Bf8 27. h4 Rb4 28.
f3 Nb2 29. Kf1 Nd3 30. Ke2 Nc5 31. Bxc5 dxc5 32. Kd3 f5 33. gxf5 gxf5 34. Nc4
Rb3+ 35. Ke2 fxe4 36. fxe4 Rh3 37. Nxe5 Rxh4 38. Kf3 Bd6 39. Rc8+ Kg7 40. Nc4
Rh6 41. e5 Rh5 42. exd6 Rxd5 43. Ke4 Rd4+ 44. Ke5 Rxc4 45. d7 Rd4 46. d8=Q 1-0

[Event "Reykjavik Open 2024"]
[Site "Reykjavik ISL"]
[Date "2024.03.18"]
[Round "6.35"]
[White "Cherukuri, Nitesh"]
[Black "Cornette, Matthieu"]
[Result "0-1"]
[BlackTitle "GM"]
[WhiteElo "2000"]
[BlackElo "2575"]
[WhiteFideId "30978688"]
[BlackFideId "620084"]
[EventDate "2024.03.15"]

1. e4 e5 2. Nf3 Nc6 3. Bc4 Nf6 4. d3 Bc5 5. c3 d6 6. O-O a6 7. a4 Ba7 8. Nbd2
O-O 9. h3 Ne7 10. Re1 Ng6 11. Nf1 c6 12. Ng3 d5 13. Ba2 Be6 14. Qc2 Qc7 15. Nf5
Rfe8 16. g4 Nd7 17. h4 h5 18. gxh5 Bxf5 19. hxg6 Bxg6 20. Kg2 Nc5 21. Bg5 Qd7
22. Kg3 Bh5 23. Nh2 Ne6 24. Rg1 Nf4 25. Bxf4 exf4+ 26. Kg2 f3+ 27. Kh1 Bb8 28.
e5 Bxe5 29. d4 Bxh2 0-1

[Event "Reykjavik Open 2024"]
[Site "Reykjavik ISL"]
[Date "2024.03.18"]
[Round "6.36"]
[White "Solsker, Tummas M."]
[Black "Gokerkan, Cem Kaan"]
[Result "0-1"]
[BlackTitle "GM"]
[WhiteElo "1897"]
[BlackElo "2523"]
[WhiteFideId "7200480"]
[BlackFideId "6336760"]
[EventDate "2024.03.15"]

1. d4 Nf6 2. Nf3 d5 3. Bf4 c5 4. e3 Nc6 5. c3 Qb6 6. Qb3 c4 7. Qxb6 axb6 8. Be2
h6 9. O-O b5 10. Na3 g5 11. Be5 b4 12. Nb5 Ra5 13. a4 bxa3 14. Nxa3 Bf5 15. Nxc4
dxc4 16. Bxc4 Bg7 17. Rxa5 Nxa5 18. Bb5+ Bd7 19. Ra1 Bxb5 20. Rxa5 Be2 21. Rc5
O-O 22. Rc7 Ng4 23. h3 Nxe5 24. Nxe5 Bxe5 25. dxe5 e6 26. Rxb7 Rd8 27. Rb4 Rd5
28. f4 Rd2 29. c4 Rc2 30. b3 Bd3 31. g4 Re2 32. c5 Rxe3 33. c6 Re1+ 34. Kf2 Rc1
35. Rd4 Bb5 36. h4 gxf4 37. Rxf4 Rxc6 38. b4 Rc3 39. Rd4 Kg7 40. Rf4 Rd3 41. Re4
Bc6 42. Rf4 Bb7 43. Rc4 Rd5 0-1

[Event "Reykjavik Open 2024"]
[Site "Reykjavik ISL"]
[Date "2024.03.18"]
[Round "6.37"]
[White "Brand, Niels"]
[Black "Mammadzada, Gunay"]
[Result "0-1"]
[BlackTitle "IM"]
[WhiteElo "1891"]
[BlackElo "2449"]
[WhiteFideId "1085107"]
[BlackFideId "13403729"]
[EventDate "2024.03.15"]

1. d4 d5 2. Nf3 Nf6 3. Bg5 Ne4 4. Bf4 c5 5. Nbd2 e6 6. e3 Nc6 7. Bd3 Nxd2 8.
Qxd2 Be7 9. c3 O-O 10. h4 f5 11. Qe2 Bd6 12. Bxd6 Qxd6 13. h5 h6 14. Nh4 e5 15.
Ng6 e4 16. Bb5 Rf6 17. dxc5 Qxc5 18. O-O-O Be6 19. Kb1 Bf7 20. Nf4 Ne5 21. Rd2
Rb6 22. Ba4 Nc4 23. Bb3 Nxd2+ 24. Qxd2 Rd8 25. Rd1 Rbd6 26. Qe2 Qc8 27. Qb5 a6
28. Qb4 b6 29. Qd4 Qd7 30. Rh1 Qe7 31. Rh3 Qf6 32. Qd1 b5 33. Qe2 b4 34. cxb4 d4
35. exd4 Rxd4 36. Bxf7+ Qxf7 37. Rc3 Rd2 38. Qe3 Rd1+ 39. Rc1 Qc4 40. Qc3 Qf1 0-1

[Event "Reykjavik Open 2024"]
[Site "Reykjavik ISL"]
[Date "2024.03.18"]
[Round "6.38"]
[White "Garifullina, Leya"]
[Black "Botez, Alexandra"]
[Result "1-0"]
[WhiteTitle "IM"]
[BlackTitle "WFM"]
[WhiteElo "2413"]
[BlackElo "1986"]
[WhiteFideId "34127035"]
[BlackFideId "2603365"]
[EventDate "2024.03.15"]

1. e4 e6 2. d4 d5 3. Nc3 Nf6 4. Bg5 Bb4 5. e5 h6 6. Bc1 Ne4 7. Qg4 Kf8 8. Ne2 c5
9. a3 Ba5 10. dxc5 Nxc3 11. Nxc3 Bxc3+ 12. bxc3 Nd7 13. f4 Qa5 14. Bd2 Qa4 15.
c4 Qxc2 16. cxd5 Qe4+ 17. Qe2 Qxd5 18. Be3 Qc6 19. Qf2 b6 20. Be2 Nxc5 21. Rc1
Bb7 22. O-O Rc8 23. f5 exf5 24. Bf3 Qc7 25. Bxb7 Qxb7 26. Qxf5 Re8 27. Bxc5+
bxc5 28. Rcd1 g6 29. Qxg6 Rg8 30. Qxh6+ Rg7 31. Qh8+ Rg8 32. Qh3 c4 33. Rd6 Rxe5
34. Rd8+ Re8 35. Qh6+ Rg7 36. Qh8+ 1-0

[Event "Reykjavik Open 2024"]
[Site "Reykjavik ISL"]
[Date "2024.03.18"]
[Round "6.39"]
[White "Botez, Andrea"]
[Black "Bisby, Daniel L"]
[Result "1/2-1/2"]
[BlackTitle "FM"]
[WhiteElo "1825"]
[BlackElo "2273"]
[WhiteFideId "2614324"]
[BlackFideId "404586"]
[EventDate "2024.03.15"]

1. d4 Nf6 2. Nc3 d5 3. Bf4 g6 4. e3 Bg7 5. h4 O-O 6. h5 c5 7. hxg6 hxg6 8. dxc5
Nc6 9. Nf3 Qa5 10. Qd2 Qxc5 11. Na4 Qb4 12. Qxb4 Nxb4 13. Bd3 Bf5 14. Bxf5 gxf5
15. Nd4 Rfc8 16. Nxf5 Nxc2+ 17. Ke2 Nxa1 18. Nxe7+ Kf8 19. Nxc8 Rxc8 20. Rxa1
Ne4 21. Nc3 Bxc3 22. bxc3 Rxc3 23. Rb1 Rc2+ 24. Kd1 Rxa2 25. Bh6+ Ke8 26. Rxb7
Nxf2+ 27. Ke1 Ne4 28. Kf1 a5 29. Ra7 a4 30. Bg7 f6 31. Ra8+ Kf7 32. Ra7+ Ke6 33.
g4 Rf2+ 34. Kg1 Rf3 35. Rxa4 Rxe3 36. Ra6+ Kf7 37. Bh6 Rg3+ 38. Kf1 Rxg4 39. Ke2
Kg6 40. Be3 Ng3+ 41. Kd3 Nf5 42. Bf2 Kf7 43. Bc5 Rg3+ 44. Kd2 Rh3 45. Rb6 Ng3
46. Bd4 Ne4+ 47. Ke2 Ra3 48. Rc6 Kg6 49. Rb6 Ra5 50. Kd3 Kf5 51. Ke2 Ra2+ 52.
Ke3 Ra3+ 53. Ke2 Ra8 54. Kd3 Rd8 55. Be3 Rd6 56. Rb1 Ke6 57. Bd4 Ra6 58. Ke3 Nd6
59. Bc5 Rc6 60. Ba7 Rc7 61. Ra1 Nf5+ 62. Kd3 Rb7 63. Ra6+ Ke5 64. Ra3 Nd6 65.
Bd4+ Ke6 66. Ra6 f5 67. Bc5 Rd7 68. Ke3 Rd8 69. Kf4 Rd7 70. Ke3 1/2-1/2

[Event "Reykjavik Open 2024"]
[Site "Reykjavik ISL"]
[Date "2024.03.18"]
[Round "6.40"]
[White "Kistrup, Nicolai"]
[Black "Saine, Zachary"]
[Result "1-0"]
[WhiteTitle "FM"]
[WhiteElo "2324"]
[BlackElo "2010"]
[WhiteFideId "1444816"]
[BlackFideId "2624346"]
[EventDate "2024.03.15"]

1. d4 d5 2. c4 e6 3. Nf3 c6 4. g3 dxc4 5. Bg2 b5 6. Ne5 Bb7 7. a4 a6 8. O-O Nf6
9. b3 cxb3 10. Qxb3 Qc8 11. axb5 axb5 12. Rxa8 Bxa8 13. Qa2 Bb7 14. Qa7 Be7 15.
Nd2 Nfd7 16. Ba3 Na6 17. Bxe7 Kxe7 18. Bxc6 Bxc6 19. Rc1 Nb8 20. Qa3+ Kf6 21.
Rxc6 Qxc6 22. Nxc6 Nxc6 23. Qf3+ 1-0

[Event "Reykjavik Open 2024"]
[Site "Reykjavik ISL"]
[Date "2024.03.18"]
[Round "6.41"]
[White "Chasin, Nico"]
[Black "Dietzsch, Herbert"]
[Result "1-0"]
[WhiteTitle "IM"]
[WhiteElo "2447"]
[BlackElo "1998"]
[WhiteFideId "30908477"]
[BlackFideId "4608364"]
[EventDate "2024.03.15"]

1. e4 c5 2. Nf3 Nc6 3. Bb5 Qb6 4. Ba4 e6 5. O-O d6 6. d4 cxd4 7. Qxd4 Qxd4 8.
Nxd4 Bd7 9. Nb5 Rc8 10. Rd1 Nb4 11. N1c3 a6 12. Nxd6+ Bxd6 13. Bxd7+ Kxd7 14. e5
Nxc2 15. Rb1 Rc4 16. Rxd6+ Kc7 17. Bg5 f6 18. Rc1 Nd4 19. Rxd4 Rxd4 20. Nb5+ Kd7
21. Nxd4 fxg5 22. Nb3 b6 23. Rd1+ Kc7 24. Nd4 Kd7 25. Nf5+ Ke8 26. Nd6+ Ke7 27.
Nc8+ Kf7 28. Rd7+ Kg6 29. Rd8 Kf5 30. Nd6+ 1-0

[Event "Reykjavik Open 2024"]
[Site "Reykjavik ISL"]
[Date "2024.03.18"]
[Round "6.43"]
[White "Scotti, Martin"]
[Black "Salimova, Nurgyul"]
[Result "0-1"]
[BlackTitle "IM"]
[WhiteElo "1885"]
[BlackElo "2426"]
[WhiteFideId "551035065"]
[BlackFideId "2915138"]
[EventDate "2024.03.15"]

1. d4 Nf6 2. c4 e6 3. Nc3 Bb4 4. e3 O-O 5. Bd3 d5 6. Nf3 dxc4 7. Bxc4 c5 8. O-O
Nbd7 9. Qe2 a6 10. a4 Qe7 11. Na2 Ba5 12. dxc5 Bc7 13. c6 bxc6 14. b3 Nb6 15.
Nc3 Bd6 16. h3 Nxc4 17. bxc4 e5 18. e4 a5 19. Rd1 Bb4 20. Bb2 Nh5 21. Qc2 f6 22.
Ne2 Be6 23. Rac1 Qf7 24. Kf1 Rad8 25. Rxd8 Rxd8 26. g4 Qd7 27. Bc3 Nf4 28. Nxf4
exf4 29. Bxb4 axb4 30. Ke2 c5 31. Nd2 h5 32. gxh5 Bxh3 33. h6 Qg4+ 34. Nf3 Bg2
35. Qb3 Bxf3+ 0-1

[Event "Reykjavik Open 2024"]
[Site "Reykjavik ISL"]
[Date "2024.03.18"]
[Round "6.44"]
[White "Fantinel, Thibault"]
[Black "Baldursson, Rani"]
[Result "1-0"]
[WhiteTitle "IM"]
[WhiteElo "2421"]
[BlackElo "1989"]
[WhiteFideId "663395"]
[BlackFideId "7200668"]
[EventDate "2024.03.15"]

1. e4 c5 2. Nc3 Nc6 3. Bb5 Nd4 4. Nf3 Nxb5 5. Nxb5 Nf6 6. e5 Nd5 7. Ng5 e6 8.
Ne4 Qh4 9. Qf3 f5 10. exf6 gxf6 11. c4 Nb4 12. g3 Qh6 13. d4 Qg6 14. O-O Na6 15.
dxc5 h5 16. h4 Be7 17. Ned6+ Bxd6 18. Nxd6+ Ke7 19. Be3 Nb4 20. Rad1 Nc6 21. Bd4
Rb8 22. Bxf6+ Qxf6 23. Nxc8+ 1-0

[Event "Reykjavik Open 2024"]
[Site "Reykjavik ISL"]
[Date "2024.03.18"]
[Round "6.45"]
[White "Prraneeth, Vuppala"]
[Black "Kazarian, Anna-Maja"]
[Result "1-0"]
[WhiteTitle "GM"]
[BlackTitle "FM"]
[WhiteElo "2506"]
[BlackElo "2206"]
[WhiteFideId "46622373"]
[BlackFideId "1033689"]
[EventDate "2024.03.15"]

1. e4 e6 2. d4 d5 3. e5 c5 4. c3 Qb6 5. Nf3 Bd7 6. Be2 Bb5 7. Bxb5+ Qxb5 8. Na3
Qa6 9. dxc5 Bxc5 10. b4 Bb6 11. c4 Ne7 12. O-O O-O 13. c5 Bd8 14. Qb3 b5 15. Nd4
Nbc6 16. Naxb5 Qb7 17. Ba3 Nxe5 18. Nd6 Qc7 19. b5 Nc8 20. Rac1 Nxd6 21. cxd6
Qd7 22. Nc6 Nc4 23. Rxc4 dxc4 24. Qxc4 Bf6 25. Bb4 Rfc8 26. Rc1 h6 27. a4 a6 28.
g3 axb5 29. axb5 Kh7 30. Kg2 Qb7 31. Qd3+ g6 32. d7 Rc7 33. Rd1 Rxc6 34. bxc6
Qxc6+ 35. Kg1 Kg7 36. h4 h5 37. Bd2 Qd5 38. Qxd5 exd5 39. Be3 d4 40. Rxd4 Kf8
41. Rd6 Be7 42. Bc5 Rd8 43. Bb6 Bxd6 44. Bxd8 Be7 45. Bc7 1-0

[Event "Reykjavik Open 2024"]
[Site "Reykjavik ISL"]
[Date "2024.03.18"]
[Round "6.46"]
[White "Thorhallsson, Throstur"]
[Black "Muller, Maxime"]
[Result "1-0"]
[WhiteTitle "GM"]
[WhiteElo "2388"]
[BlackElo "1961"]
[WhiteFideId "2300109"]
[BlackFideId "26088533"]
[EventDate "2024.03.15"]

1. e4 e6 2. d4 d5 3. Nc3 Nf6 4. e5 Nfd7 5. f4 c5 6. Nf3 Nc6 7. Ne2 Qb6 8. c3 f6
9. a3 Be7 10. g3 O-O 11. Bg2 cxd4 12. cxd4 fxe5 13. fxe5 a5 14. Nf4 Rf7 15. h4
Nf8 16. b3 Bd7 17. Be3 Na7 18. O-O Nb5 19. Ng5 Bxg5 20. hxg5 Nc3 21. Qd3 Rc8 22.
a4 Qxb3 23. Rfb1 Qc4 24. Rxb7 Qxd3 25. Nxd3 Ne2+ 26. Kh2 Rc3 27. Re1 Nxd4 28.
Bxd4 Rxd3 29. Bc5 Rc3 30. Bd6 Rc8 31. Bh3 Rc2+ 32. Kh1 Rc3 33. Rf1 Rxf1+ 34.
Bxf1 Bxa4 35. Rb8 Rf3 36. Bh3 Bd7 37. Rd8 Rf7 38. Bxf8 Rxf8 39. Rxd7 Re8 40. Ra7
Kf8 41. Kg2 a4 42. Rxa4 Kf7 43. Ra6 d4 44. Kf3 Kg6 45. Rxe6+ Rxe6 46. Bxe6 Kxg5
47. Ke4 1-0

[Event "Reykjavik Open 2024"]
[Site "Reykjavik ISL"]
[Date "2024.03.18"]
[Round "6.47"]
[White "Lu, Maximillian"]
[Black "He, Junchen"]
[Result "1-0"]
[WhiteTitle "IM"]
[WhiteElo "2375"]
[BlackElo "1956"]
[WhiteFideId "2096242"]
[BlackFideId "8642427"]
[EventDate "2024.03.15"]

1. Nf3 c5 2. e4 Nc6 3. Bb5 e6 4. Bxc6 bxc6 5. O-O Qc7 6. Re1 e5 7. c3 d6 8. d4
Ne7 9. dxe5 dxe5 10. Be3 Ng6 11. Nbd2 Bd6 12. Qa4 O-O 13. Nb3 Qb6 14. Nfd2 Be7
15. Qa3 Rd8 16. Nc4 Qb5 17. Bxc5 Bxc5 18. Qxc5 Be6 19. Nca5 Bxb3 20. Qxb5 cxb5
21. axb3 Rd2 22. Rab1 Nf4 23. Nc6 f6 24. Red1 Re2 25. Kf1 Rxe4 26. g3 Nh3 27. f3
Re3 28. Kg2 e4 29. f4 Nxf4+ 30. gxf4 Re2+ 31. Kg1 Kf7 32. Nd4 Re3 33. Re1 Rxe1+
34. Rxe1 f5 35. Nxf5 Kf6 36. Ng3 g5 37. Nxe4+ Kf5 38. fxg5 Kf4 39. Kf2 Rd8 40.
Nc5 Rd5 41. Ne6+ Kf5 42. Nd4+ Kxg5 43. Re7 h5 44. Rxa7 Kg4 45. Rg7+ Kh3 46. Rg3+ 1-0

[Event "Reykjavik Open 2024"]
[Site "Reykjavik ISL"]
[Date "2024.03.18"]
[Round "6.48"]
[White "Ferzli, Michael"]
[Black "Jacobsen, Mikkel Manosri"]
[Result "0-1"]
[BlackTitle "FM"]
[WhiteElo "1879"]
[BlackElo "2367"]
[WhiteFideId "5310288"]
[BlackFideId "1444514"]
[EventDate "2024.03.15"]

1. d4 d5 2. c4 e6 3. Nf3 a6 4. g3 dxc4 5. Bg2 Nc6 6. O-O Rb8 7. e4 Be7 8. Nc3
Nf6 9. Bg5 O-O 10. Rc1 b5 11. Re1 Bb7 12. h4 h6 13. Bxf6 Bxf6 14. e5 Be7 15. a4
Nb4 16. Bf1 c5 17. Ne4 cxd4 18. Nxd4 Nd3 19. Bxd3 Qxd4 20. Bc2 Qxe5 21. Nc3 Qc5
22. Qg4 h5 23. Qe2 g6 24. Rcd1 b4 25. Ne4 Qc6 26. Rd4 Rbd8 27. f3 Bc5 28. Nxc5
Qxc5 0-1

[Event "Reykjavik Open 2024"]
[Site "Reykjavik ISL"]
[Date "2024.03.18"]
[Round "6.49"]
[White "Lohia, Sohum"]
[Black "Zhou, David"]
[Result "1/2-1/2"]
[WhiteTitle "FM"]
[WhiteElo "2354"]
[BlackElo "1954"]
[WhiteFideId "5819369"]
[BlackFideId "2623234"]
[EventDate "2024.03.15"]

1. e4 c5 2. Nf3 e6 3. d4 cxd4 4. Nxd4 Nc6 5. Nc3 Qc7 6. f4 a6 7. Nxc6 bxc6 8.
Bd3 d5 9. O-O Nf6 10. Qe2 Be7 11. e5 Nd7 12. Na4 Nb6 13. Nxb6 Qxb6+ 14. Kh1 g6
15. b3 a5 16. Be3 c5 17. a4 Ba6 18. Bb5+ Kf8 19. Bxa6 Qxa6 20. Qf3 h5 21. c4 d4
22. Bd2 Kg7 23. Qd3 Rab8 24. Rf3 Rb6 25. Kg1 Rhb8 26. Rb1 R6b7 27. Kf1 Kf8 28.
Ke2 Ke8 29. Kd1 Kd7 30. Kc2 Kc7 31. g3 Rh8 32. h3 Rbb8 33. Rbf1 Kb6 34. R3f2 Qb7
35. Rf3 Bd8 36. Re1 Bc7 37. Rf2 Rh7 38. Rfe2 Rbh8 39. Rb1 Qc6 40. Rd1 Ka6 41.
Rde1 Kb6 42. Rf1 Ka6 43. Ref2 Kb6 44. Rf3 Ka6 45. Qe2 Kb6 46. Rd3 Ka6 47. Rdf3
Kb6 48. R1f2 Ka6 49. Rf1 1/2-1/2

[Event "Reykjavik Open 2024"]
[Site "Reykjavik ISL"]
[Date "2024.03.18"]
[Round "6.50"]
[White "Ozbas, Burak"]
[Black "Risting, Eivind Olav"]
[Result "0-1"]
[BlackTitle "FM"]
[WhiteElo "1876"]
[BlackElo "2336"]
[WhiteFideId "6323480"]
[BlackFideId "1517333"]
[EventDate "2024.03.15"]

1. e4 c5 2. Nf3 d6 3. d4 cxd4 4. Nxd4 Nf6 5. Nc3 Nc6 6. Be2 e5 7. Nf3 h6 8. Bc4
Be7 9. h3 O-O 10. Qe2 a6 11. a4 Be6 12. O-O Rc8 13. Nd5 Bxd5 14. Bxd5 Nxd5 15.
exd5 Nb4 16. c4 a5 17. b3 f5 18. Ba3 Na6 19. Qe3 Bf6 20. Rab1 Rf7 21. Rfd1 g5
22. g4 Be7 23. Re1 Qd7 24. Nh2 h5 25. f3 Rh7 26. Kg2 Nc5 27. Bb2 Rf8 28. Re2
Rhf7 29. Rf1 fxg4 30. hxg4 e4 31. Ref2 exf3+ 32. Rxf3 Rxf3 33. Rxf3 Rxf3 34.
Qxf3 Bf8 35. gxh5 Bg7 36. Bc1 Qf7 37. Qg3 Qf5 38. Qxg5 Qc2+ 39. Kg1 Ne4 40. Qe3
Qd1+ 41. Nf1 Bd4 0-1

[Event "Reykjavik Open 2024"]
[Site "Reykjavik ISL"]
[Date "2024.03.18"]
[Round "6.51"]
[White "Tinkler, Paul"]
[Black "Pigott, John C"]
[Result "1/2-1/2"]
[BlackTitle "IM"]
[WhiteElo "1872"]
[BlackElo "2326"]
[WhiteFideId "30961289"]
[BlackFideId "400459"]
[EventDate "2024.03.15"]

1. e4 c5 2. Nc3 Nc6 3. Nge2 d6 4. g3 g6 5. Bg2 Bg7 6. O-O Nf6 7. Nd5 Nd7 8. d3
O-O 9. c3 b6 10. f4 Bb7 11. h3 f5 12. Ne3 Kh8 13. Nc2 Qc7 14. g4 e6 15. Ng3 Ne7
16. Be3 Rad8 17. Qe2 Ba6 18. Qd2 Nf6 19. g5 Nd7 20. Rfe1 fxe4 21. dxe4 d5 22. e5
Nb8 23. Rad1 Nbc6 24. Qc1 Qd7 25. Ne4 Nf5 26. Nf6 Qf7 27. Bf2 Rc8 28. Ne3 Nce7
29. Qb1 Rfd8 30. Nc2 Bf8 31. Rd2 Nc6 32. Qd1 Na5 33. b3 Bb7 34. Ne3 Nxe3 35.
Bxe3 Nc6 36. Qg4 Ne7 37. Red1 Nf5 38. Bf2 Bc6 39. Kh2 Be7 40. h4 h5 41. Qe2 Bf8
42. Kh3 Qc7 43. Bf3 Be8 44. Be3 Rb8 45. Bf2 b5 46. Rc1 a5 47. Qd1 Bf7 48. Qg1
Be8 49. a3 Rbc8 50. Rdd1 Qe7 51. Qe1 Ra8 52. Qe2 c4 53. b4 1/2-1/2

[Event "Reykjavik Open 2024"]
[Site "Reykjavik ISL"]
[Date "2024.03.18"]
[Round "6.52"]
[White "Manenschijn, Wouter"]
[Black "Bjornsson, Sigurbjorn"]
[Result "1/2-1/2"]
[BlackTitle "FM"]
[WhiteElo "1864"]
[BlackElo "2305"]
[WhiteFideId "1043366"]
[BlackFideId "2300974"]
[EventDate "2024.03.15"]

1. e4 c5 2. Nf3 d6 3. d4 cxd4 4. Nxd4 Nf6 5. Nc3 g6 6. Be3 Bg7 7. f3 a6 8. Qd2
h5 9. O-O-O b5 10. Kb1 Bb7 11. a3 Nbd7 12. Be2 Rc8 13. h3 h4 14. Rhe1 O-O 15.
Bh6 Rc5 16. Bxg7 Kxg7 17. Bf1 Qc7 18. f4 Rxc3 19. Qxc3 Qxc3 20. bxc3 Nxe4 21.
Kb2 Rc8 22. Re3 Nb6 23. Rde1 Na4+ 24. Kb3 Naxc3 25. Nf3 d5 26. Bd3 Na4 27. Nxh4
e6 28. Nf3 Nd6 29. g4 Nc5+ 30. Kb2 Nc4+ 31. Bxc4 Na4+ 32. Kc1 Rxc4 33. f5 d4 34.
Nxd4 Rxd4 35. fxe6 fxe6 36. Rxe6 Bg2 37. g5 Rd7 38. Re7+ Rxe7 39. Rxe7+ Kf8 40.
Re6 Kf7 41. Rf6+ Kg7 42. Rxa6 Bf1 43. Ra7+ Kf8 44. Kd2 Nb6 45. Ke3 Bxh3 46. Kd4
Bf1 47. Ra6 Nd7 48. Rxg6 Ke7 49. Rh6 Nf8 50. Ke5 Bc4 51. Ra6 Nd7+ 52. Kd4 Bf1
53. a4 bxa4 54. Rxa4 Ke6 55. c4 Kf5 56. Ra5+ Kg6 57. c5 Bg2 58. Ra6+ Kxg5 59. c6
Bxc6 60. Rxc6 Nf6 61. Rc1 Kf5 62. Rf1+ Ke6 63. Rxf6+ 1/2-1/2

[Event "Reykjavik Open 2024"]
[Site "Reykjavik ISL"]
[Date "2024.03.18"]
[Round "6.53"]
[White "Hauksson, Bjorgvin Jonas"]
[Black "Soderstrom, Adrian"]
[Result "0-1"]
[BlackTitle "FM"]
[WhiteElo "1836"]
[BlackElo "2288"]
[WhiteFideId "2314223"]
[BlackFideId "1745786"]
[EventDate "2024.03.15"]

1. e4 e5 2. Bc4 Nf6 3. d3 Nc6 4. Nf3 Bc5 5. O-O d6 6. c3 a6 7. a4 h6 8. b4 Ba7
9. Qb3 O-O 10. Ra2 Nh5 11. Be3 Qf6 12. Bxa7 Rxa7 13. Rd2 Nf4 14. Ne1 Ne7 15. f3
c6 16. Qb2 b5 17. Bb3 Kh8 18. a5 Qg5 19. Kh1 f5 20. g3 Nh5 21. Rdf2 f4 22. gxf4
exf4 23. Rg1 Qh4 24. Rfg2 Bh3 25. Qd2 Bxg2+ 26. Rxg2 d5 27. Rg4 Qf6 28. Qf2 Rd7
29. Qb6 dxe4 30. dxe4 Qe5 31. Qf2 Nf6 32. Rg1 Rfd8 33. Qg2 g5 34. h4 Ng6 35.
hxg5 hxg5 36. Rf1 Rh7+ 37. Kg1 Nh4 38. Qe2 g4 39. fxg4 f3 40. Nxf3 Qg3+ 0-1